01416nam a2200289 a 450000100100000000500170001000800410002702000180006804000250008608200170011110000520012824501000018026000360028030000280031650000730034450400300041765000760044765000580052365100610058165000520064291000390069404900100073395201300074395201150087395201210098899900170110900001081520200929162309.0091012s2009 dr 000 0 spa d a9789945163070 aDO-SdBNPbspacBNPHU a923.7bM632d1 aMieses Ramírez, Yris Margarita,d1959-92612610aDatos biográficos de educadores y educadoras de Jarabacoa /cYris Margarita Mieses Ramírez. aSanto Domingo :bBúho,c2009. a360 p. :bil. ;c23 cm. aIncluye referencias bibliográficas y notas al pie de las páginas aBibligrafía: p. 359-360 4aPersonal docentezJarabacoa (República DominicanaxBiografía926127 4aEducaciónzJarabacoa (República Dominicana926128 4aJarabacoa (República DominicanaxHistoria Local926129 4aCiudades y puebloszRepública Dominicana9784 aValidado. Control de calidad BNPHU aBNPHU 001054708DSaGRbGRcHDd2009-10-12iLF1l0o923.7 M632dp10815-30r2020-06-25te. 3w2020-06-25yLFDSZPréstamo en sala 0010718PDaPDbPDcHDd2009-10-12iLF1l0o923.7 M632dp10815-10r2020-06-25w2020-06-25yLFPDZNo se presta 0010718PDaPDbPDcHDd2009-10-12iLF1l0o923.7 M632dp10815-20r2020-06-25te. 2w2020-06-25yLFPDZNo se presta c10564d10564